Exit West : A Novel (Record no. 4)

MARC details
000 -LEADER
fixed length control field 00411nam a2200169Ia 4500
003 - CONTROL NUMBER IDENTIFIER
control field OSt
005 - DATE AND TIME OF LATEST TRANSACTION
control field 20240130161143.0
008 - FIXED-LENGTH DATA ELEMENTS--GENERAL INFORMATION
fixed length control field 230125s9999 xx 000 0 und d
020 ## - INTERNATIONAL STANDARD BOOK NUMBER
International Standard Book Number 9780670089888
082 ## - DEWEY DECIMAL CLASSIFICATION NUMBER
Classification number 813.6
Item number HAME
100 ## - MAIN ENTRY--PERSONAL NAME
Personal name HAMID, MOHSIN
245 #0 - TITLE STATEMENT
Title Exit West : A Novel
260 ## - PUBLICATION, DISTRIBUTION, ETC.
Name of publisher, distributor, etc. Penguin Random House
Date of publication, distribution, etc. 2017
Place of publication, distribution, etc. Gurgaon
300 ## - PHYSICAL DESCRIPTION
Extent 228
650 ## - SUBJECT ADDED ENTRY--TOPICAL TERM
Topical term or geographic name entry element American literature
Form subdivision Fiction
942 ## - ADDED ENTRY ELEMENTS (KOHA)
Koha item type Book
Source of classification or shelving scheme Dewey Decimal Classification
Holdings
Withdrawn status Lost status Source of classification or shelving scheme Damaged status Not for loan Collection code Home library Current library Shelving location Date acquired Cost, normal purchase price Full call number Barcode Date last seen Price effective from Koha item type Public note
    Dewey Decimal Classification     Non-fiction RIC Library RIC Library General Stacks 01/25/2023 599.00 813.6 HAME 000004 01/25/2023 01/25/2023 Book R-11.3

Venue

Rajasthan International Centre
Sansthan Path,JLN Marg, Jaipur- 302017
Phone: +91-7230904025